000
00328nam a2200145Ia 4500
003
OSt
008
191201s2012 xx 000 0 und d
082
_a
512.94
_b
KAT
100
_a
KAPOOR, NM
245
0
_a
Text Book of Differential Equations
260
_b
Pitambar
_c
2012
300
_a
847
650
_a
Applied
942
_2
ddc
_c
BK
999
_c
7126
_d
7126